000
00193nam a2200085 4500
001
1237321
005
20251003094044.0
245
_a
KARDEŞLİĞE DAVET HZ. MUHAMMED
_c
AGD
260
_b
AGD YAYINLARI
999
_c
1237321
_d
1237321